000 00276 a2200133 4500
000 nam a22 7a 4500
100 _abyrne
110 _abyrne
245 _aMolecular Biology
250 _alatest
260 _bcell pub
_c2026
264 _bcell pub
_c2026
942 _cBK
999 _c394901
_d394901